|
|
|
|
| LEADER |
00965nam a22002652a 4500 |
| 001 |
000420529 |
| 003 |
CZ BrMZK |
| 005 |
20150304091637.0 |
| 007 |
ta |
| 008 |
990307s1957 xr f cze d |
| 015 |
|
|
|a cnb000727036
|
| 035 |
|
|
|a (OCoLC)64716552
|
| 040 |
|
|
|a BOA001
|b cze
|
| 080 |
|
|
|a 794.1(082)
|2 MRF
|
| 100 |
1 |
|
|a Alster, Ladislav,
|d 1927-1991
|7 jk01010193
|4 aut
|
| 245 |
1 |
0 |
|a Šachový sborník 1955 /
|c Ladislav Alster
|
| 250 |
|
|
|a 1. vyd.
|
| 260 |
|
|
|a Praha :
|b Sportovní a turistické nakladatelství,
|c 1957
|
| 300 |
|
|
|a 271 s.
|
| 910 |
|
|
|a BOA001
|b 2-0384.044
|b PK-Š-0000.456
|
| 964 |
|
|
|a Šachy - sborníky
|
| 990 |
|
|
|a BK
|
| 996 |
6 |
|
|b 2619141856
|c 2-0384.044
|l MZK
|r Sklad / do 24 hodin
|n 0
|w 000420529
|u 000040
|a 1
|e BOA001
|j MZK50
|s P
|
| 996 |
7 |
|
|b 3119825567
|c PK-Š-0000.456
|l MZK
|r Sklad / do 1 hodiny
|n 2
|w 000420529
|u 000010
|a 1
|e BOA001
|j MZK50
|s A
|
| 996 |
7 |
|
|b 3119831956
|c PK-Š-0000.456
|l MZK
|r Sklad / do 1 hodiny
|n 2
|w 000420529
|u 000020
|a 1
|e BOA001
|j MZK50
|s A
|